Everton 23/24 season quiz - Statistics

General Stats
  • This quiz has been taken 116 times
  • The average score is 8 of 15
Answer Stats
Question Answer % Correct
What club did Everton sell Alex Iwobi to? Fulham
96%
Which forward did Everton sign from Villarreal? Arnaut Danjuma
83%
Who scored for Everton in the 2-0 Merseyside derby victory over Liverpool? Jarrad Branthwaite, Dominic Calvert-Lewin
83%
What club did Everton loan Jack Harrison in from? Leeds United
79%
What club did Everton sell striker Ellis Simms to? Coventry City
75%
What club did Everton sign Portugese foward Beto from? Udinese
67%
Who marked his Everton comeback with a goal away at Tottenham in December? Andre Gomes
54%
Who knocked Everton out of the FA cup? Luton Town
54%
What club did Everton beat 1-0 at Goodison Park in Pre-Season? Sporting Lisbon
46%
What club did Everton beat 2-1 in the third round of the Carabao Cup? Aston Villa
42%
Who scored Everton's second goal in the 3-0 win over Newcastle in December? Abdoulaye Doucoure
33%
What club did Everton confirm Premier League safety for the season against? Brentford
33%
Whst club Everton loan with an option to buy forward Neal Maupay to? Brentford
33%
Who did Everton lose their 3 opening games of the season to? Fulham, Aston Villa, Wolves
29%
Who assisted Arnaut Danjuma's goal in Everton 2-2 Sheffield United in September? Nathan Patterson
25%
No matching quizzes found
Score Distribution
Percent of People with Each Score
Percentile by Number Answered
Your Score History
You have not taken this quiz